| 000 | 01372cab a2200229 4500 | ||
|---|---|---|---|
| 001 | ABS67531 | ||
| 008 | 040301n2004 000 0 eng u | ||
| 035 | _a(Sirsi) u125279 | ||
| 100 | _aGreenish, D. | ||
| 245 | _aRain clouds gather over the ODPM's parade | ||
| 260 | _c2004 | ||
| 490 |
_aEstates Gazette _v(0408) 21 February 2004, 124-126(3) |
||
| 520 | _aArgues that the right to enfranchise route to buying the freehold of a flat is fraught with procedural pitfalls and is inferior and more expensive than the current system. Reviews the background to the development of the concept of a right to enfranchise company and outlines the practical problems associated with it: the lack of deemed service provisions for the notice of invitation to participate, the fact that the price on a collective enfranchisement is entirely dependent on the number of participators and the lease length of each participator. Recommends that those who want to buy their freeholds should do so now before the introduction of the new provisions under the Commonhold and Leasehold Reform Act 2002. | ||
| 590 | _aABS | ||
| 650 | _aCOMMONHOLD AND LEASEHOLD REFORM ACT 2002 | ||
| 650 | _aRIGHT TO ENFRANCHISE | ||
| 650 | _aCOLLECTIVE ENFRANCHISEMENT | ||
| 650 | _aSERVING NOTICES | ||
| 650 | _aQUALIFYING TENANTS | ||
| 690 | _aLANDLORD AND TENANT-LEASEHOLD REFORM | ||
| 942 | _n0 | ||
| 999 |
_c74201 _d74201 |
||